000
00284nam a22001097a 4500
999
_c
58334
_d
58331
100
_a
Zia Arham
100
_a
10ME97
245
_a
Impact of Bio-Diesel Blend on Diesel Engine Using Variable Load
300
_a
92p.
700
_a
Department of Mechanical Engineering
942
_c
THESIS